1692 1767 1483 1621 1106 1132 1415 1884 1822 1092 1114 1085 1853 1931 1364 1757 1772 1518 1558 1270 1342 1035 1530 1009 1879 1214 1518 1642 1930 1486 1410 1350 1767 1436 1005 1989 1110 1105 1944 1992 1217 1816 1505 1105 1030 1729 1834 1621 1947 1925 1765 1300 1937 1515 1520 1702 1713 1472 1975 1653 1168 1445 1460 1602 1124 1359 1439 1764 1065 1256 1785 1322 1475 1716 1372 1455 1750 1543 1967 1617 1672 1979 1636 1486 1020 1287 1700 1303 1404 1625 1386 1318 1981 1345 1006 1036 1939 1789 1757 BCNSPRNW ULIB Ver.6.0+V

เปลี่ยนเป็นภาษาไทย

Change to English
 แสดงรายละเอียดบรรณานุกรม
  กลับหน้าหลัก

Brief Record : Get Marc (ISO 2709) : E-mail record : QR code < ปิดหน้าต่าง
LEADER : 00000nam 2200000uu 4500
001    13399121428
003     ULIB
008    110609s2546 th 000 p tha d
020    ^a9789749167793
090    ^aรส.^bป418น 2546
100 0  ^aประเสริฐ จันดำ
245 10 ^aน้ำท่วมฟ้า ปลากินดาวและงานคัดสรร /^cประเสริฐ จันดำ, วิสาคัญทัพ
246 30 ^aน้ำท่วมฟ้าปลากินดาวและงานคัดสรร
250    ^aพิมพ์ครั้งที่ 1
260    ^aกรุงเทพฯ :^bมูลนิธิสถาบันวิชาการ 14 ตุลา,^c2546
300    ^a217 หน้า ;^c21 ซม.
490 0  ^aหนังสือชุด''''''''''''''''''''''''''''''''ตุลาวรรณกรรม''''''''''''''''''''''''''''''''
500    ^aฉลองครบรอบ 30 ปี 14 ตุลา : 2516-2546 ร่วมวาระประวัติศาสตร์''''''''''''''''''''''''''''''''''''''''''''''''''''''''''''''''วัน 14 ตุลา ประชาธิปไตย''''''''''''''''''''''''''''''''''''''''''''''''''''''''''''''''
650  4 ^aกวีนิพนธ์^xรวมเรื่อง
650  4 ^aกวีนิพนธ์ไทย
650  4 ^aกวีนิพนธ์ไทย^xรวมเรื่อง
650  4 ^aเรื่องสั้น^xรวมเรื่อง
650  4 ^aเรื่องสั้นไทย^xรวมเรื่อง
700 0  ^aวิสา คัญทัพ
710 2  ^aมูลนิธิสถาบันวิชาการ 14 ตุลา
945    ^p0^l0^i14375
995    ^aกัณชพร
999    ^aกัณชพร
รายการนี้ยังไม่มีแท็ก
คุณยังไม่ได้ล็อกอิน คุณสามารถมีกิจกรรมร่วมกับเว็บไซต์ได้ แต่ต้องล็อกอินก่อน ::
  ล็อกอิน

รายการสื่อสารสนเทศ

ลำดับที่ ประเภท เลขเรียก/บาร์โค้ด สถานที่ สถานะ
1. วิทยาศาสตร์การแพทย์ และสุขภาพ
วิทยาศาสตร์การแพทย์ และสุขภาพ
รส. ป418น 2546  
  Barcode: 14375
ห้องสมุดวิทยาเขตสวรรค์ประชารักษ์
►นวนิยาย
บนชั้น
  ขอยืม

รายการใกล้เคียง
    หัวเรื่อง [กวีนิพนธ์ไทย]
    หัวเรื่อง [เรื่องสั้น รวมเรื่อง]

BibComment


ยังไม่เคยถูกคอมเมนท์

คอมเมนท์ทรัพยากรรายการนี้
  คอมเมนท์: น้ำท่วมฟ้า ปลากิ..


 Copyright 2026. Bcnsprnw @Library